|
|
|
|
| LEADER |
00000cam a2200000 7i4500 |
| 001 |
0000321461 |
| 005 |
20241113120455.0 |
| 006 |
m ###eq d ##### |
| 007 |
cd# |
| 008 |
2s2008 g d may |
| 040 |
|
|
|a MBPJ
|b eng
|c MBPJ
|e rda
|
| 090 |
|
4 |
|a ADV 128
|
| 110 |
2 |
|
|a Majlis Bandaraya Petaling Jaya
|e issuing body
|
| 245 |
0 |
0 |
|a Dokumen MS ISO 9001:2008 (TERKINI)
|c Majlis Bandaraya Petaling Jaya
|
| 264 |
|
0 |
|a Petaling Jaya :
|b Majlis Bandaraya Petaling Jaya
|c 2008
|
| 300 |
|
|
|a 1 CD-ROM 1X-52X (700MB/80 minutes)
|
| 336 |
|
|
|a text
|2 rdacontent
|
| 337 |
|
|
|a computer
|2 rdamedia
|
| 338 |
|
|
|a computer disc
|2 rdacarrier
|
| 500 |
|
|
|a Audio Visual
|
| 500 |
|
|
|a Dokumen MBPJ - ISO
|
| 999 |
|
|
|a BA4402/24
|b AUDIO VISUAL
|c KOLEKSI BAHAN ARKIB
|e PERPUSTAKAAN KOMUNITI PETALING JAYA
|